000 01541cam a22004574i 4500
003 PE-LiUPU
005 20250731173049.0
008 180104s2015 xxua rb 001 0 eng d
020 _a9780801049934
035 _a(Sirsi) a240848
040 _aPE-LiUPU
_bspa
_cPE-LiUPU
_erda
049 _aPRUA
082 0 4 _a270
_bJ13
_223
100 1 _aJacobsen, Douglas G.,
_eautor.
245 1 0 _aGlobal gospel:
_ban introduction to Christianity on five continents /
_cDouglas G. Jacobsen.
264 1 _aMichigan :
_bBaker Academic;
_c2015
300 _a249 páginas :
_bilustraciones ;
_c23 centímetros.
336 _atext
_2rdacontent
337 _aunmediated
_2rdamedia
338 _avolume
_2rdacarrier
504 _aBibliografía : páginas 235-244.
504 _aÍndice : páginas 245-249.
505 0 _aGlobal Christianity: a very brief history -- Four Christian traditions -- Africa -- Latin America -- Europe -- Asia -- North America.
526 _aSEG42
526 _aSEG41
526 _aSEG40
526 _aSEG39
526 _aP94
526 _aP87
526 _aP86
526 _aP85
526 _aP77
526 _aP76
526 _aP35
650 0 4 _aCristianismo.
910 _adbm
_bksl
_cksl
_d20180104
596 _a1
942 _2ddc
_cBOOK
999 _a270 J13
_wLC
_c26541
_i77914
_f2021-11-11
_g4
_lCCODEBUL1
_mBUL
_p14.00
_r0
_sY
_tBOOK
_u2018-1-4
_xTEOLOGIA
_PP85
_0DONACION
_o.STAFF. Colección Teología
_d26541
980 _81
_gALBERTO SANCHEZ Responsable de Automatización